000 00940nam a22002417a 4500
999 _c63884
_d63884
005 20240530110704.0
008 171225s2015 ua a g b 000 0dara d
017 _a2015/17783
_bمصر. دار الكتب
020 _a9789779104829
040 _aEG-CaGPL
_cEG-CaGPL
082 0 4 _221
_a613.11\
_bم ت
100 0 _aمروة رمضان حافظ
245 1 2 _aالتغيرات المناخية وصحة الانسان من منظور جغرافى /
_cتأليف مروة رمضان حافظ .
250 _aط.1
260 _aالقاهرة :
_bالهيئة المصرية العامة للكتاب ،
_c2015 .
300 _a178 ص. ؛
_c24 سم.
504 _aيشتمل على ارجاعات ببليوجرافية
650 0 7 _2qrmak
_aالتغيرات الناخية
650 0 7 _2qrmak
_aالمناخ
_xالجوانب الصحية
651 _2qrmak
942 _2ddc
_cBK